[Event "35th Georgi Tringov Open"]
[Site "Plovdiv BUL"]
[Date "2013.02.07"]
[Round "6.17"]
[White "Stanojoski,Z"]
[Black "Kolev,At2"]
[Result "1-0"]
[WhiteElo "2410"]
[BlackElo "2086"]

1.e4 d5 2.exd5 Qxd5 3.Nc3 Qd6 4.d4 Nf6 5.Nge2 g6 6.Bf4 Qb6 7.Qd2 Bg7 8.O-O-O Nc6
9.a3 Qa5 10.d5 Nd8 11.Nd4 Bd7 12.Nb3 Qb6 13.Be3 c5 14.Bxc5 Qc7 15.d6 Qc8
16.dxe7 Ne6 17.Bb4 a6 18.Kb1 h5 19.Na5 b5 20.Be2 Bh6 21.Qe1 Ra7 22.Bf3 Rc7
23.Bd6 Bf4 24.Bxf4  1-0

[Event "Asian Zonal 3.2 w 2013"]
[Site "Thulhiriya City PHI"]
[Date "2013.02.07"]
[Round "7.1"]
[White "Methmali,Y"]
[Black "Shamima,A"]
[Result "1/2-1/2"]
[WhiteElo "1777"]
[BlackElo "2135"]

1.e4 d5 2.exd5 Qxd5 3.Nc3 Qd6 4.d4 Nf6 5.h3 a6 6.g3 Bf5 7.Bg2 Nc6 8.Nge2 Nb4
9.Bf4 Qd7 10.Rc1 Nbd5 11.Be5 e6 12.O-O h5 13.Nxd5 Nxd5 14.a3 f6 15.c4 Ne7
16.Bf4 c6 17.Re1 Rd8 18.Kh2 Ng6 19.Be3 Bd6 20.d5 c5 21.dxe6 Bxe6 22.Qc2 Kf7
23.Rcd1 h4 24.Nf4 hxg3+ 25.fxg3 Nxf4 26.Bxf4 Bxh3 27.Kg1 Qc7 28.Bd5+ Kf8
29.Bxd6+ Qxd6 30.Qh2 Rh6 31.Qf2 Qc7 32.Re3 Bg4 33.Rde1 Rh3 34.Bg2 Rh5 35.Bd5 Rh3
36.Bg2 Rh5 37.Bd5 Rh3  1/2-1/2

[Event "Chess Classic ELO Open 2013"]
[Site "Baden-Baden GER"]
[Date "2013.02.08"]
[Round "2.15"]
[White "Ehmann,Thilo"]
[Black "Tolhuizen,L"]
[Result "0-1"]
[WhiteElo "1861"]
[BlackElo "2154"]

1.e4 d5 2.exd5 Qxd5 3.Nc3 Qd8 4.d4 c6 5.Nf3 Nf6 6.Bc4 Bf5 7.Ne5 e6 8.g4 Be4
9.Nxe4 Nxe4 10.Be3 Nd7 11.Qf3 Nxe5 12.dxe5 Qa5+ 13.c3 Nxc3 14.O-O Nd5 15.Bd4 Bc5
16.Bxd5 cxd5 17.Bc3 Qd8 18.b4 Bb6 19.Rad1 Rc8 20.a4 h5 21.Rd3 Qh4 22.a5 hxg4
23.Qg2 Bd8 24.Rg3 Rc4 25.Bd2 g6 26.f4 gxf3 27.Rfxf3 Qd4+ 28.Be3 Rc1+ 29.Rf1 Rxf1+
30.Qxf1 Qxb4 31.Bxa7 Qxa5 32.Be3 Bb6 33.Qc1 O-O 34.Bxb6 Qxb6+ 35.Kg2 Qd4
36.Qh6 Qe4+ 37.Kh3 Rc8 38.Qg5 Qf5+ 39.Qxf5 exf5 40.Rb3 Rc7 41.Rb5 Rd7 42.Kg3 d4
43.Kf2 d3 44.Ke1 d2+ 45.Kd1 Kf8  0-1

[Event "TCh-CAT Div Hon 2013"]
[Site "Catalonia ESP"]
[Date "2013.02.09"]
[Round "4.8"]
[White "Rahal,M"]
[Black "Garcia Jimenez,F"]
[Result "1/2-1/2"]
[WhiteElo "2353"]
[BlackElo "2278"]

1.e4 d5 2.exd5 Qxd5 3.Nc3 Qd8 4.d4 Nf6 5.Bg5 Nbd7 6.Nf3 h6 7.Bh4 c6 8.Bd3 e6
9.Qe2 Be7 10.O-O Nd5 11.Nxd5 cxd5 12.Bxe7 Qxe7 13.c3 O-O 14.Rfe1 a5 15.Rad1 b6
16.Bb5 Nf6 17.Ne5 Qa7 18.Ng4 Ne4 19.Qe3 Qe7 20.Bd3 Qg5 21.Bxe4 Qxg4 22.Bc2 Bd7
23.Qe5 Qg5 24.Qc7 Qd8 25.Qg3 b5 26.Qd3 f5 27.Qg3 Qb8 28.f4 Qd6 29.Re5 b4
30.Qd3 bxc3 31.bxc3 Rac8 32.Rde1 Qa3 33.c4 Qxd3 34.Bxd3 dxc4 35.Bc2 Rb8 36.Rxa5 Rb2
37.Rc1 Bc6 38.Rc5 Bd5 39.g4 fxg4 40.f5 Rxa2 41.fxe6 Bxe6 42.d5 Bf7 43.Be4 Rd8
44.R1xc4 Ra6 45.Rd4 Rad6 46.Kf2 h5 47.Ke3 g5 48.Rb4 Bxd5 49.Rd4 Bxe4 50.Rxg5+ Bg6
51.Rxg6+ Rxg6 52.Rxd8+ Kg7 53.Kf4 h4 54.Rd5 Kh6 55.Rb5 g3 56.hxg3 hxg3 57.Rb1 g2
58.Rg1 Kh5 59.Kf3 Kh4 60.Rxg2 Rxg2 61.Kxg2  1/2-1/2

[Event "TCh-CAT Div Hon 2013"]
[Site "Catalonia ESP"]
[Date "2013.02.09"]
[Round "4.3"]
[White "Sprenger,J"]
[Black "Magem Badals,J"]
[Result "0-1"]
[WhiteElo "2497"]
[BlackElo "2547"]

1.e4 d5 2.exd5 Qxd5 3.Nc3 Qd6 4.d4 Nf6 5.Nf3 Bg4 6.h3 Bh5 7.Be2 a6 8.g4 Bg6
9.Ne5 Nc6 10.Nxc6 Qxc6 11.Bf3 Qe6+ 12.Be3 O-O-O 13.g5 Nd7 14.Qe2 h6 15.d5 Qd6
16.O-O-O hxg5 17.Bxg5 Ne5 18.Ne4 Qb4 19.a3 Qb5 20.Qxb5 axb5 21.Bg2 Bh5 22.Rd2 Nf3
23.Rd3 Nxg5 24.Nxg5 Rh6 25.Bf3 Bxf3 26.Rxf3 Rf6 27.Rd1 Rxf3 28.Nxf3 g6 29.c3 Bg7
30.Rd3 e6 31.Kc2 Rxd5 32.Rxd5 exd5 33.Ng5 f6 34.Ne6 Bh6 35.Kd3 c6 36.f3 b6
37.Nd4 Kd7 38.Kc2 Be3 39.Ne2 c5 40.Kd3 Bh6 41.Kc2 Ke6 42.Kd1 Kf5 43.Ke1 Be3
44.Kf1 Kg5 45.Kg2 d4 46.cxd4 cxd4 47.f4+ Kh4 48.Kf3 Kxh3 49.b3 g5 50.fxg5 fxg5
51.a4 g4+ 52.Ke4 g3  0-1

[Event "TCh-FIN SM 2012-13"]
[Site "Porvoo FIN"]
[Date "2013.02.09"]
[Round "10.7"]
[White "Hintikka,E"]
[Black "Valli,F"]
[Result "0-1"]
[WhiteElo "2098"]
[BlackElo "2262"]

1.e4 d5 2.exd5 Qxd5 3.Nc3 Qd6 4.d4 Nf6 5.Nf3 c6 6.Ne5 Nbd7 7.Nc4 Qc7 8.a4 g6
9.g3 Bg7 10.Bg2 O-O 11.O-O Nb6 12.Ne5 a5 13.Re1 Nbd5 14.Nxd5 Nxd5 15.Qe2 Be6
16.h4 Nf6 17.Bg5 Rfe8 18.c4 Qd6 19.Rad1 Qb4 20.b3 Nd7 21.d5 Nxe5 22.dxe6 f6
23.Be3 Qxb3 24.f4 Nxc4 25.Bc5 Nb2 26.Rd7 Nxa4 27.Bxe7 Nc3 28.Qd3 a4 29.Qd4 Nb5
30.Bxf6 Nxd4 31.Rxg7+ Kf8 32.e7+ Rxe7 33.Rexe7 Nf5 34.Rxb7 Qd1+ 35.Kh2 Nxg7
36.Bxg7+ Kg8 37.Bxc6 Qc2+ 38.Bg2 a3 39.Rd7 a2 40.Ba1 Re8  0-1

[Event "TCh-FIN SM 2012-13"]
[Site "Sastamala FIN"]
[Date "2013.02.09"]
[Round "10.7"]
[White "Salimaki,J"]
[Black "Alho,S"]
[Result "0-1"]
[WhiteElo "2157"]
[BlackElo "2144"]

1.e4 d5 2.exd5 Qxd5 3.Nc3 Qd6 4.d4 Nf6 5.Nf3 c6 6.g3 h6 7.Bg2 Bf5 8.O-O e6
9.Bf4 Qd8 10.Re1 Bd6 11.Ne5 O-O 12.Qd2 Re8 13.Rad1 Na6 14.Ne4 Nxe4 15.Bxe4 Bxe4
16.Rxe4 g5 17.h4 f5 18.hxg5 fxe4 19.gxh6 Bxe5 20.Bxe5 Rf8 21.h7+ Kxh7 22.Kg2 Kg6
23.Rh1 Qg5 24.Qe1 Qg4 25.Rh4 Qf3+ 26.Kg1 e3 27.fxe3 Rf5 28.Bf4 Rh5 29.g4 Rxh4
30.Qxh4 Qd1+ 31.Kg2 Qxc2+ 32.Kg1 Kf7 33.Bd6 Re8 34.g5 Rg8 35.Kh1 Qg6 36.Bf4 Rg7
37.Qf2 Rh7+ 38.Kg2 Qf5 39.Qg3 Kg6 40.Kg1 Rh3  0-1

[Event "Novy Bor Open A 2013"]
[Site "Novy Bor CZE"]
[Date "2013.02.12"]
[Round "4"]
[White "Svobodova,M"]
[Black "Nelyubin,S"]
[Result "0-1"]
[WhiteElo "2051"]
[BlackElo "1991"]

1.e4 d5 2.exd5 Qxd5 3.Nc3 Qd6 4.d4 Nf6 5.Bc4 a6 6.Nf3 Bg4 7.h3 Bh5 8.g4 Bg6
9.Ne5 Nc6 10.Bf4 Qxd4 11.Qxd4 Nxd4 12.O-O-O c5 13.Nxg6 hxg6 14.g5 b5 15.gxf6 bxc4
16.Nd5 Ne6 17.Rhe1 Ra7 18.fxe7 Bxe7 19.Nxe7 Rxe7 20.Bd6 Rd7 21.Re3 Kd8 22.Ra3 Kc8
23.Rxa6 Kb7 24.Ra4 Rhd8 25.Rxc4 Rxd6 26.Rxd6 Rxd6 27.a4 Rd4 28.Rxd4 Nxd4
29.c3 Ne2+ 30.Kd2 Nf4 31.b4 cxb4 32.cxb4 Nxh3 33.Ke3 Ng5 34.Kf4 f6 35.Ke3 Kc6
36.Kd4 Nf7 37.f4 g5 38.fxg5 Nxg5  0-1

[Event "Novy Bor Open A 2013"]
[Site "Novy Bor CZE"]
[Date "2013.02.12"]
[Round "4"]
[White "Nguyen,Thai Dai Van"]
[Black "Richterova,Natasa"]
[Result "1-0"]
[WhiteElo "2111"]
[BlackElo "1948"]

1.e4 d5 2.exd5 Qxd5 3.Nc3 Qd6 4.d4 Nf6 5.Nf3 c6 6.Ne5 Nbd7 7.Bf4 Nxe5 8.dxe5 Qxd1+
9.Rxd1 Nh5 10.Be3 Bd7 11.Bc4 g6 12.Bxf7+ Kxf7 13.Rxd7 b6 14.Ke2 Ng7 15.Ne4 Ne6
16.Rhd1 h6 17.f4 Bg7 18.g4 Rhd8 19.f5 Rxd7 20.Rxd7 gxf5 21.gxf5 Bxe5 22.fxe6+ Kxe6
23.Rd1 Bxh2 24.Rh1 Be5 25.Rxh6+ Kd5 26.Kd3 Bxb2 27.c3 Ba3 28.Bd4 b5 29.Rh5+ Ke6
30.Re5+ Kd7 31.Nc5+ Kd8 32.Re6 Rc8 33.Ke4 a5 34.Kf5 Ke8 35.Rh6 Bxc5 36.Bxc5 Kd7
37.Rh7 Re8 38.a3 Rf8+ 39.Ke4 Re8 40.Ke5 b4 41.cxb4 axb4 42.axb4 Kd8 43.Ke6 Rg8
44.Rxe7 Rg6+ 45.Ke5 Rg5+ 46.Kd6 Rg6+ 47.Re6 Rxe6+ 48.Kxe6 Kc7 49.Ke7 Kc8
50.Kd6 Kb7 51.Kd7 Ka6 52.Kc7 Kb5 53.Kb7  1-0

[Event "17th Lienz Open 2013"]
[Site "Lienz AUT"]
[Date "2013.02.14"]
[Round "7.6"]
[White "Rieger,R"]
[Black "Schwarhofer,C"]
[Result "1/2-1/2"]
[WhiteElo "2124"]
[BlackElo "2285"]

1.e4 d5 2.exd5 Qxd5 3.Nc3 Qd6 4.Nf3 c6 5.d4 Bg4 6.Be3 Nf6 7.Be2 e6 8.Qd2 Qc7
9.Ne5 Bxe2 10.Qxe2 Bd6 11.f4 Nbd7 12.O-O O-O 13.Kh1 Nb6 14.Rf3 Nbd5 15.Bd2 b5
16.Ne4 Nxe4 17.Qxe4 f5 18.Qe2 Bxe5 19.dxe5 Rfd8 20.c4 Nb6  1/2-1/2

[Event "Novy Bor Open A 2013"]
[Site "Novy Bor CZE"]
[Date "2013.02.15"]
[Round "8"]
[White "Bores,R"]
[Black "Nelyubin,S"]
[Result "1-0"]
[WhiteElo "2163"]
[BlackElo "1991"]

1.e4 d5 2.exd5 Qxd5 3.Nc3 Qd6 4.d4 Nf6 5.Nf3 a6 6.h3 Bf5 7.Bd3 Bxd3 8.Qxd3 Nc6
9.Be3 e6 10.a3 Be7 11.O-O O-O 12.Rad1 Rfd8 13.Rfe1 h6 14.Nd2 Qd7 15.Nf3 Bd6
16.Ne4 Qe7 17.c4 Nxe4 18.Qxe4 Qf6 19.b4 Qf5 20.Qxf5 exf5 21.c5 Bf8 22.Bf4 Rac8
23.d5 Nb8 24.h4 a5 25.Rd4 axb4 26.axb4 Nd7 27.c6 bxc6 28.dxc6 Nf6 29.b5 Rxd4
30.Nxd4 Nd5 31.g3 Nxf4 32.gxf4 g6 33.Kg2 Bc5 34.Nb3 Bb6 35.Nd2 Ba5 36.Re2 Bxd2
37.Rxd2 Rb8 38.Rd5 Kf8 39.Kf3 Ke8 40.Ke3 Rd8 41.Kd4 Rxd5+ 42.Kxd5 Ke7 43.Kc5 Kd8
44.b6 cxb6+ 45.Kxb6 Kc8 46.Kc5 f6 47.Kd6 g5 48.fxg5 fxg5 49.hxg5 hxg5 50.Ke5 f4
51.Kf5 f3 52.Kxg5 Kc7 53.Kf4 Kxc6 54.Kxf3 Kd5 55.Kf4 Ke6 56.Kg5 Kf7 57.Kf5 Ke7
58.Ke5 Kf8 59.Kf6 Kg8 60.f4 Kf8 61.f5  1-0

[Event "TCh-FRA w TOP 12 2013"]
[Site "Archamps FRA"]
[Date "2013.02.16"]
[Round "2.6"]
[White "Del Valle,Clemence"]
[Black "Lazo,X"]
[Result "0-1"]
[WhiteElo "1648"]
[BlackElo "2113"]

1.e4 d5 2.exd5 Qxd5 3.Nc3 Qd6 4.Nf3 a6 5.Be2 Nf6 6.h3 e6 7.d4 Nc6 8.O-O Be7
9.Re1 b5 10.a3 Bb7 11.Bg5 O-O 12.Qd2 Rad8 13.Rad1 Nb8 14.Ne5 c5 15.Bf3 Bxf3
16.Nxf3 Nc6 17.dxc5 Qxc5 18.Qe3 Qxe3 19.Bxe3 Rc8 20.Nd4 Na5 21.Nce2 Nc4 22.Bc1 Nd5
23.Ng3 Rfd8 24.Ne4 Rd7 25.Nd2 Bf6 26.Nxc4 Rxc4 27.c3 b4 28.axb4 Bxd4 29.Rxd4 Rxd4
30.cxd4 Nxb4 31.Rd1 f6 32.Be3 Kf7 33.Kf1 Rb7 34.Rd2 Nd5 35.Ke2 Ke7 36.Rc2 Kd7
37.Bd2 Nc7 38.Kd3 Nb5 39.Bf4 Na7 40.Bd2 Nc6 41.Bc3 Kd6 42.Re2 Kd5 43.Rd2 Rd7
44.Ke3 Kc4 45.f3 Ne7 46.Ke4 Rd5 47.f4 Rb5 48.Rf2 f5+ 49.Kf3 Nd5 50.Rc2 Rb3
51.Re2 Nxc3 52.bxc3 Rxc3+ 53.Kf2 Kd5 54.Ra2 Rc6 55.Ke3 Rb6 56.Kd3 Rb3+ 57.Ke2 Kxd4
58.Rxa6 Rg3 59.Kf2 Rg6 60.Ra5 h6 61.Re5 Rf6 62.Kf3 g5 63.g3 Rg6 64.Re2 Kd5
65.Rd2+ Kc6 66.Rd1 Rg8 67.Rd2 Ra8 68.fxg5 hxg5 69.Kf2 e5 70.h4 gxh4 71.gxh4 Rg8
72.Kf3 Rg4 73.Rh2 e4+ 74.Ke3 Kd5 75.Rd2+ Ke5 76.Rd8 Rg3+ 77.Kf2 Kf4 78.h5 e3+  0-1

[Event "TCh-FRA w TOP 12 2013"]
[Site "Archamps FRA"]
[Date "2013.02.16"]
[Round "2.3"]
[White "Todorova,M"]
[Black "Armas,Le"]
[Result "1/2-1/2"]
[WhiteElo "2017"]
[BlackElo "1903"]

1.e4 d5 2.exd5 Qxd5 3.Nc3 Qd6 4.g3 e5 5.Bg2 Nf6 6.h3 c6 7.Nge2 Be7 8.O-O O-O
9.d3 Qc7 10.Kh2 Rd8 11.Qe1 Nd5 12.Nxd5 cxd5 13.Nc3 Be6 14.f4 d4 15.f5 Bc8
16.Nd5 Qd6 17.Nxe7+ Qxe7 18.Qf2 f6 19.g4 Nc6 20.h4 Kh8 21.g5 Qd6 22.Qe2 Ne7
23.Be4 Ng8 24.Qh5 Qc7 25.Rf2 Bd7 26.Qf3 Bc6 27.Rg2 Rac8 28.Bd2 b6 29.Rag1 Rd7
30.h5 Qb7 31.h6 Bxe4 32.dxe4 fxg5 33.hxg7+ Rxg7 34.Bxg5 Qf7 35.Bh4 Rxg2+
36.Rxg2 Nf6 37.Bxf6+ Qxf6 38.Qg4 Qh6+ 39.Kg1 Qc1+ 40.Kh2 Qh6+ 41.Kg1 Qc1+  1/2-1/2

[Event "TCh-FRA w TOP 12 2013"]
[Site "Archamps FRA"]
[Date "2013.02.16"]
[Round "3.1"]
[White "Milliet,S"]
[Black "Hamdouchi,A"]
[Result "1/2-1/2"]
[WhiteElo "2408"]
[BlackElo "2206"]

1.e4 d5 2.exd5 Qxd5 3.Nc3 Qd6 4.d4 Nf6 5.Nf3 g6 6.h3 Bg7 7.Bc4 O-O 8.O-O a6
9.a4 Nc6 10.b3 Bf5 11.Ba3 Qd8 12.Re1 a5 13.Na2 Be4 14.c3 Bd5 15.Qe2 Re8 16.Rad1 e6
17.Nc1 Ne4 18.Qd3 Nf6 19.Bb5 Bxf3 20.Qxf3 Qd5 21.Qd3 Rad8 22.Qc2 Qf5 23.Qxf5 gxf5
24.Nd3 Ne4 25.Rc1 Bh6 26.Rc2 Bd2 27.Rxd2 Nxd2 28.Nc5 Rb8 29.f3 Red8 30.Bb2 Na7
31.Bc1 Nb1 32.Bg5 Nxc3 33.Bxd8 Rxd8 34.Nxb7 Rxd4 35.Bc4 Nxa4 36.Ra1 Nb6 37.Rxa5 Nxc4
38.bxc4 Nc6 39.Rc5 Nb4 40.Rxc7 Kf8 41.c5 Nd5 42.Rc8+ Ke7 43.Nd6 Rd1+ 44.Kf2 Rc1
45.Re8+ Kd7 46.Rh8 Rxc5 47.Nxf7 Rc2+ 48.Kg3 f4+ 49.Kh4 Rxg2 50.Rxh7 Nf6 51.Rh6 Ke7
52.Ne5 Nd5 53.Rh7+ Kf6 54.Ng4+ Kg6 55.Rh6+ Kf7 56.Rh7+ Kg6 57.Rh6+ Kf7 58.Rh7+ Kg6  1/2-1/2

[Event "TCh-CAT Div Hon 2013"]
[Site "Catalonia ESP"]
[Date "2013.02.16"]
[Round "5.5"]
[White "Gallego,R"]
[Black "Grafl,F"]
[Result "0-1"]
[WhiteElo "2247"]
[BlackElo "2368"]

1.e4 d5 2.exd5 Qxd5 3.Nc3 Qd6 4.d4 Nf6 5.Nf3 a6 6.g3 Bg4 7.Bg2 Nc6 8.Be3 O-O-O
9.O-O e5 10.dxe5 Nxe5 11.Qxd6 Bxd6 12.Nxe5 Bxe5 13.Rfe1 Rhe8 14.h3 Bf5 15.Rac1 h5
16.f4 Bd4 17.Bxd4 Rxe1+ 18.Rxe1 Rxd4 19.Re2 c6 20.Kf2 Kc7 21.Ke1 b5 22.Re7+ Rd7
23.Rxd7+ Kxd7 24.Kd2 g6 25.b4 Kc7 26.a3 Kb6 27.Nd1 Be4 28.Bf1 c5 29.Nf2 a5
30.c3 cxb4 31.cxb4 Bc6 32.Kc2 axb4 33.axb4 Nd5 34.Kb3 h4 35.gxh4 Nxf4 36.Nd3 Nd5
37.Ne5 Be8 38.Nf3 f6 39.Nd4 Ne3 40.Bd3 Ng2 41.h5 gxh5 42.Bf5 Nf4 43.Ne6 Bf7  0-1

[Event "17th Lienz Open 2013"]
[Site "Lienz AUT"]
[Date "2013.02.16"]
[Round "9.24"]
[White "Ploessnig,M"]
[Black "Fruehauf,N"]
[Result "1/2-1/2"]
[WhiteElo "1927"]
[BlackElo "2061"]

1.e4 d5 2.exd5 Qxd5 3.Nc3 Qd6 4.d4 Nf6 5.Nf3 c6 6.Be2 Bf5 7.Be3 e6 8.Qd2 Qc7
9.Ne5 Nbd7 10.f4 h5 11.h3 Nb6 12.a3 O-O-O 13.O-O-O Nbd5 14.Nxd5 Nxd5 15.Bf3 f6
16.Nd3 h4 17.Bxd5 exd5 18.Rde1 Bd6 19.Rhf1 Rde8 20.Kb1 Re4 21.Nc5 Qb6 22.Nxe4 Bxa3
23.Qc3 Bb4 24.Qb3 Bxe4 25.Re2 Qa6 26.Rff2 Bd6 27.Bd2 f5 28.Bc3 Re8 29.Qa2 Qb6
30.Qa5 Qxa5 31.Bxa5 b6 32.Bc3 a5 33.b3 Kb7 34.Kb2 Ra8 35.Re1 Re8 36.Bd2 Be7
37.c4 Bf6 38.Bc3 Rh8 39.Ra1 b5 40.Re1  1/2-1/2

[Event "Novy Bor Open A 2013"]
[Site "Novy Bor CZE"]
[Date "2013.02.16"]
[Round "9"]
[White "Bradac,Daniel"]
[Black "Nelyubin,S"]
[Result "1/2-1/2"]
[WhiteElo "1901"]
[BlackElo "1991"]

1.e4 d5 2.exd5 Qxd5 3.Nc3 Qd6 4.Nf3 Nf6 5.d4 a6 6.Be2 Bg4 7.Ne5 Bxe2 8.Nxe2 Nc6
9.Nxc6 Qxc6 10.O-O e6 11.c3 Bd6 12.Bf4 O-O-O 13.Bxd6 Rxd6 14.b4 e5 15.Qb3 exd4
16.Nxd4 Qd5 17.Qc2 Ne4 18.Rad1 Rhd8 19.c4 Qe5 20.Nf3 Qf4 21.Rxd6 Rxd6 22.Rd1 Rxd1+
23.Qxd1 f5 24.h3 Qd6 25.Qb3  1/2-1/2

[Event "TCh-FRA w TOP 12 2013"]
[Site "Archamps FRA"]
[Date "2013.02.17"]
[Round "4.4"]
[White "Haussernot,C"]
[Black "Armas,Le"]
[Result "1-0"]
[WhiteElo "2016"]
[BlackElo "1903"]

1.e4 d5 2.exd5 Qxd5 3.Nc3 Qd6 4.d4 Nf6 5.Bd3 a6 6.Nge2 Nc6 7.O-O Bg4 8.f3 Bh5
9.Be3 O-O-O 10.Qd2 e5 11.dxe5 Qxe5 12.g4 Bg6 13.f4 Qd6 14.f5 Nxg4 15.Ng3 Nce5
16.fxg6 hxg6 17.Nge4 Qc6 18.Bf4 f5 19.Qg2 Bc5+ 20.Kh1 Nxd3 21.cxd3 Rxd3 22.Nxc5 Qxc5
23.Rac1 Rd7 24.Na4 Qb5 25.Nc5 Re7 26.Ne6 Ne3 27.Nxc7 Nxg2 28.Nxb5+ Kd8 29.Rfd1+ Rd7
30.Bg5+  1-0

[Event "TCh-HUN 2012-13"]
[Site "Kecskemet HUN"]
[Date "2013.02.17"]
[Round "7"]
[White "Hajnal,Z"]
[Black "Somlai,L"]
[Result "1/2-1/2"]
[WhiteElo "2384"]
[BlackElo "2353"]

1.e4 d5 2.exd5 Qxd5 3.Nc3 Qd6 4.d4 Nf6 5.Nf3 c6 6.g3 Bg4 7.Bg2 e6 8.O-O Be7
9.h3 Bxf3 10.Bxf3 O-O 11.Ne2 Re8 12.c3 Qc7 13.Qb3 Nbd7 14.Bf4 Qb6 15.Qc2 Bf8
16.c4 e5 17.c5 Qc7 18.dxe5 Nxe5 19.Bg2 Qa5 20.Be3  1/2-1/2

[Event "ch-ROU 2013"]
[Site "Baile Olanesti ROU"]
[Date "2013.02.18"]
[Round "4.35"]
[White "Vartopeanu,N"]
[Black "Csaszar,Attila"]
[Result "0-1"]
[WhiteElo "1849"]
[BlackElo "2083"]

1.e4 d5 2.exd5 Qxd5 3.Nc3 Qd6 4.d4 Nf6 5.Bd3 c6 6.Nge2 Bg4 7.f3 Bh5 8.Bf4 Qb4
9.O-O Nbd7 10.Qd2 e6 11.a3 Qb6 12.Kh1 Bg6 13.Rfe1 Bxd3 14.Qxd3 Nh5 15.Be3 Qc7
16.g4 Nhf6 17.Bf4 Bd6 18.Bxd6 Qxd6 19.Ng3 O-O-O 20.Nce4 Qc7 21.c4 Qf4 22.Ne2 Nxe4
23.fxe4 Qxg4 24.Rg1 Qh4 25.Rxg7 Nc5 26.Qf3 Qxe4 27.Rxf7 Qxf3+ 28.Rxf3 Ne4
29.Re3 Nd2 30.b3 Rhf8 31.Rd1 Rf3 32.Rxf3 Nxf3 33.Rd3 Rf8 34.Re3 Ne1 35.Kg1 Kd7
36.b4 Nf3+ 37.Kg2 Nd2 38.Ng3 Nxc4 39.Rc3 Nd6 40.a4 Rf4 41.Ne2 Rg4+ 42.Kf3 h5
43.h3 Rg5 44.Ng3 Rxg3+  0-1

[Event "Moscow Gov Cup A Rapid"]
[Site "Moscow RUS"]
[Date "2013.02.19"]
[Round "6.1"]
[White "Kobalia,M"]
[Black "Ponkratov,P"]
[Result "1-0"]
[WhiteElo "2652"]
[BlackElo "2584"]

1.e4 d5 2.exd5 Qxd5 3.Nc3 Qd6 4.d4 Nf6 5.Nf3 Bg4 6.h3 Bh5 7.Be2 Nc6 8.Nb5 Qd7
9.Ne5 Nxe5 10.dxe5 Bxe2 11.Qxe2 c6 12.exf6 cxb5 13.fxg7 Bxg7 14.O-O a6 15.Rd1 Qc6
16.c3 Bf6 17.Bf4 Rg8 18.f3 Rg6 19.Kh1 Rc8 20.Rd3 Kf8 21.Rad1 Qc4 22.Be5 Qe6
23.Bxf6 Qxf6 24.Rd8+ Rxd8 25.Rxd8+ Kg7 26.Rd7 Qe6 27.Rxe7 Qxa2 28.Qe5+ Kh6
29.Qe3+ Kg7 30.Qd4+ Rf6 31.Re4 h5 32.Re5 Qb1+ 33.Kh2 Qg6 34.h4 Kh7 35.Rg5 Rd6
36.Qe5 Qf6 37.Qe4+ Kh6 38.Rxh5+ Kg7 39.Rg5+ Kf8 40.Rf5 Qe6 41.Qf4 Rd8 42.h5 Qe7
43.h6 Qe6 44.h7 Kg7 45.Qg5+ Kxh7 46.Rf6 Rd5 47.Qh6+  1-0

[Event "Reykjavik Open 2013"]
[Site "Reykjavik ISL"]
[Date "2013.02.19"]
[Round "1.75"]
[White "Prosviriakov,V"]
[Black "Billot,D"]
[Result "1-0"]
[WhiteElo "2297"]
[BlackElo "1731"]

1.e4 d5 2.exd5 Qxd5 3.Nc3 Qd6 4.d4 Nf6 5.Nf3 Nc6 6.Nb5 Qd8 7.c4 a6 8.Nc3 Bg4
9.d5 Ne5 10.Be2 Ng6 11.Qb3 Qc8 12.O-O e6 13.Qa4+ Qd7 14.Qxd7+ Kxd7 15.dxe6+ Bxe6
16.Rd1+ Kc8 17.Ng5 Bd6 18.Nxe6 fxe6 19.Be3 Be5 20.h3 Bxc3 21.bxc3 Ne4 22.Bf3 Nxc3  1-0

[Event "ch-Central Serbia 2013"]
[Site "Pozarevac SRB"]
[Date "2013.02.20"]
[Round "4.19"]
[White "Zivkovic,Mo"]
[Black "Brankovan,Mario"]
[Result "1/2-1/2"]
[WhiteElo "2132"]
[BlackElo "1924"]

1.e4 d5 2.exd5 Qxd5 3.Nc3 Qd6 4.d4 Nf6 5.Nf3 c6 6.h3 Bf5 7.Bd3 Bxd3 8.Qxd3 e6
9.Ne4 Nxe4 10.Qxe4 Nd7 11.O-O Nf6 12.Qh4 Be7 13.Bf4 Qd5 14.Be5 h6 15.b3 g5
16.Nxg5 Rg8 17.Qxh6 Rg6 18.Qh8+ Rg8 19.Qh6 Rg6 20.Qh8+ Rg8 21.Qh6 Rg6  1/2-1/2

[Event "ch-ROU 2013"]
[Site "Baile Olanesti ROU"]
[Date "2013.02.21"]
[Round "7.9"]
[White "Bida,M"]
[Black "Baratosi,D"]
[Result "1/2-1/2"]
[WhiteElo "2212"]
[BlackElo "2424"]

1.e4 d5 2.exd5 Qxd5 3.Nc3 Qd8 4.d4 Nf6 5.Nf3 Bg4 6.h3 Bxf3 7.Qxf3 c6 8.Be3 e6
9.Bd3 Nbd7 10.O-O-O Bb4 11.Ne4 Nxe4 12.Bxe4 Nf6 13.Bg5 Be7 14.Bxf6 Bxf6 15.Kb1 Qb6
16.c3 O-O-O 17.g4 Rd7 18.h4 h6 19.Qg3 g6 20.f4 Qc7 21.Qf3 h5 22.g5  1/2-1/2

[Event "ch-ROU 2013"]
[Site "Baile Olanesti ROU"]
[Date "2013.02.21"]
[Round "8.46"]
[White "Murg,G"]
[Black "Gavrilescu,David"]
[Result "0-1"]
[WhiteElo "1726"]
[BlackElo "1873"]

1.e4 d5 2.exd5 Qxd5 3.Nc3 Qd6 4.d3 Nf6 5.h3 a6 6.Nge2 Bf5 7.Be3 Nc6 8.a3 e6
9.Ng3 Bg6 10.Be2 Nd4 11.Bxd4 Qxd4 12.O-O Bd6 13.Nh1 O-O 14.Bf3 Rfd8 15.Rb1 c6
16.Ne2 Qb6 17.Qc1 Nd5 18.g3 Rac8 19.Kg2 c5 20.Bxd5 exd5 21.Nf4 Bf5 22.Qd2 d4
23.f3 c4 24.g4 cxd3 25.Nxd3 Bg6 26.Ng3 Qc7 27.Ne4 Qxc2 28.Rf2 Qxb1  0-1

[Event "ch-ROU 2013"]
[Site "Baile Olanesti ROU"]
[Date "2013.02.21"]
[Round "8.44"]
[White "Banzea,Alexandru-Bogdan"]
[Black "Csaszar,Attila"]
[Result "0-1"]
[WhiteElo "1808"]
[BlackElo "2083"]

1.e4 d5 2.exd5 Qxd5 3.Nc3 Qd6 4.d4 Nf6 5.Bc4 Nc6 6.Nge2 a6 7.Bf4 e5 8.dxe5 Nxe5
9.Qc1 Be7 10.Bb3 Qc5 11.Ng3 Ng6 12.Be3 Qc6 13.Nge4 O-O 14.O-O Nxe4 15.Bd5 Nxc3
16.Bxc6 Ne2+ 17.Kh1 Nxc1  0-1

[Event "Reykjavik Open 2013"]
[Site "Reykjavik ISL"]
[Date "2013.02.21"]
[Round "4.98"]
[White "Kolka,Dawid"]
[Black "Arntsen,Frode"]
[Result "1/2-1/2"]
[WhiteElo "1646"]
[BlackElo "1840"]

1.e4 d5 2.exd5 Qxd5 3.Nc3 Qd6 4.Nf3 Nf6 5.Bc4 Bg4 6.O-O Nc6 7.d3 a6 8.h3 Bh5
9.Ne4 Nxe4 10.dxe4 Ne5 11.Qxd6 Nxf3+ 12.gxf3 cxd6 13.Kg2 e6 14.Be3 Be7 15.Rad1 O-O
16.c3 Rac8 17.Bb3 Rc6 18.Rd2 b5 19.a3 Rd8 20.Rfd1 h6 21.Bf4 Kf8 22.a4 Ke8
23.axb5 axb5 24.Ra1 e5 25.Be3 d5 26.Bxd5 Rg6+ 27.Kf1 Bxf3 28.Ra7 Rg2 29.Bc6+ Kf8
30.Rxe7 Kxe7 31.Bc5+ Kf6 32.Rxd8 Rh2 33.Rd6+ Kg5 34.Ke1 Rxh3 35.Bxb5 h5 36.Be3+ Kh4
37.Rd7 Rh1+ 38.Kd2 Rd1+ 39.Kc2 Rxd7 40.Bxd7 Bxe4+ 41.Kd2 f5 42.c4 Kg4 43.c5 h4
44.c6 h3 45.c7 Bb7 46.Bc6 Ba6 47.Bh1 f4 48.Bc5 f3 49.Ke3 Bb7 50.b4 e4 51.b5 Kf5
52.b6 g5 53.Kd4 g4 54.Bd6 Ke6 55.Bg3 Kf5 56.Kc5 Ke6 57.Bh4 Kd7 58.Bg3  1/2-1/2

[Event "Reykjavik Open 2013"]
[Site "Reykjavik ISL"]
[Date "2013.02.21"]
[Round "4.81"]
[White "Kleinert,J"]
[Black "Billot,D"]
[Result "1-0"]
[WhiteElo "1991"]
[BlackElo "1731"]

1.e4 d5 2.exd5 Qxd5 3.Nc3 Qd6 4.d4 Nf6 5.Bc4 a6 6.Bb3 Nc6 7.Nge2 Bf5 8.Bf4 e5
9.dxe5 Qxd1+ 10.Rxd1 Ng4 11.Nd4 Nxd4 12.Rxd4 Bc5 13.Rd2 O-O 14.h3 Nh6 15.g4 Be6
16.Ne4 Rfd8 17.O-O c6 18.Bxh6  1-0

[Event "Reykjavik Open 2013"]
[Site "Reykjavik ISL"]
[Date "2013.02.21"]
[Round "4.87"]
[White "Thorsteinsdottir,H"]
[Black "Ontiveros,John"]
[Result "1-0"]
[WhiteElo "1960"]
[BlackElo "1700"]

1.e4 d5 2.exd5 Qxd5 3.Nc3 Qd6 4.Nf3 Nf6 5.g3 g6 6.Bg2 Bg7 7.d4 Bg4 8.O-O Nc6
9.Bf4 Qd7 10.Ne2 O-O 11.Qd2 Rfe8 12.Rfe1 Nh5 13.Be3 e5 14.d5 Ne7 15.c4 Nf5
16.Rad1 Nxe3 17.Qxe3 Qa4 18.Qc5 Rac8 19.Nc3 Qa6 20.h3 Bxf3 21.Bxf3 Bf8 22.Qb5 Qxb5
23.Nxb5 a6 24.Nc3 Ng7 25.Ne4 Be7 26.d6 cxd6 27.Nxd6 Bxd6 28.Rxd6 Nf5 29.Rd7 Re7
30.Rxe7 Nxe7 31.Bxb7 Rxc4 32.Rxe5 Kf8 33.b3 Rc7 34.Bxa6 Ra7 35.Ra5 Nc6 36.Ra4 Ne5
37.Kg2 Ke7 38.Bb5 Rb7 39.Be2 Kd6 40.Rd4+ Kc5 41.Rd8 Ra7 42.Rc8+ Kd6 43.a4 Nc6
44.Bf3 Ne5 45.Rd8+ Ke7 46.Rb8 Kd6 47.Rb7 Ra6 48.Be2  1-0

[Event "TCh-CAT Div Hon 2013"]
[Site "Catalonia ESP"]
[Date "2013.02.23"]
[Round "6.3"]
[White "Oratovsky,M"]
[Black "Magem Badals,J"]
[Result "1/2-1/2"]
[WhiteElo "2510"]
[BlackElo "2547"]

1.e4 d5 2.exd5 Qxd5 3.Nc3 Qd6 4.d4 Nf6 5.Nf3 g6 6.Bc4 Bg7 7.h3 O-O 8.O-O a6
9.Bg5 b5 10.Bb3 Bb7 11.Re1 Nbd7 12.Ne5 c5 13.Nxd7 Qxd7 14.dxc5 Qc6 15.f3 Qxc5+
16.Be3 Qc7 17.Qe2 e6 18.Rad1 Nh5 19.Bd4 Rad8 20.Bxg7 Kxg7  1/2-1/2

[Event "Moscow Gov Cup A Rapid KO"]
[Site "Moscow RUS"]
[Date "2013.02.23"]
[Round "3.3"]
[White "Gumirov,K"]
[Black "Agapov,Sergey"]
[Result "1/2-1/2"]
[WhiteElo "2007"]
[BlackElo "2265"]

1.e4 d5 2.exd5 Qxd5 3.Nc3 Qd6 4.g3 Nf6 5.Bg2 c6 6.d3 Bf5 7.Bf4 Qd8 8.Qd2 e6
9.O-O-O Bb4 10.Nge2 Nbd7 11.h3 Nd5 12.g4 Bg6 13.h4 h5 14.f3 Qa5 15.Kb1 N7b6
16.a3 Nxc3+ 17.Nxc3 Be7 18.Ne4 Qxd2 19.Rxd2 O-O-O 20.g5 Bf5 21.Bh3 Nd5 22.Be5 Rhg8
23.Bxf5 exf5 24.Ng3 g6 25.c4 Nc7 26.d4 Rge8 27.Ne2 b5 28.Rc1 Kb7 29.Bxc7 Kxc7
30.cxb5 c5 31.Rdc2 Kb6 32.dxc5+ Kxb5 33.c6 Rd3 34.c7 Rc8 35.Nc3+ Ka6 36.Re2 Bd6
37.Na4 Kb5 38.Nc3+ Ka6 39.Na4 Kb5 40.Nc3+ Ka6  1/2-1/2

[Event "Reykjavik Open 2013"]
[Site "Reykjavik ISL"]
[Date "2013.02.23"]
[Round "6.55"]
[White "Sverrisson,N"]
[Black "Steindorsson,S"]
[Result "0-1"]
[WhiteElo "1990"]
[BlackElo "2235"]

1.e4 d5 2.exd5 Qxd5 3.Nc3 Qd6 4.d4 Nf6 5.Nf3 g6 6.Bc4 Bg7 7.Ne5 O-O 8.Be3 a6
9.Qf3 Nbd7 10.Nxd7 Bxd7 11.h3 Qb4 12.Bb3 Bc6 13.Qg3 Ne4 14.Qxc7 Rac8 15.Qf4 Nxc3
16.bxc3 Qxc3+ 17.Ke2 e5 18.dxe5 Bxe5 19.Qg4 Bb5+ 20.Kf3 Qc6+  0-1